000 00439nam a2200157Ia 4500
008 240729s9999 xx 000 0 und d
022 _a1961-9502
245 0 _aKnowledge and Management of Aquatic Ecosystems
260 _aFrance
260 _bEDP Sciences
650 _a Aquaculture. Fisheries. Angling
650 _aAgriculture
856 _uhttps://doaj.org/toc/6e3c294f9e7d4088b24003eab1258f9a
942 _2ddc
942 _cDOAJEJ
999 _c72017
_d72017
945 _a1
_bMadushi Gamage
_c1
_dMadushi Gamage